THE HANDBOOK OF PROJECT-BASED MANAGEMENT: IMPROVING THE PROCESSES FOR ACHIEVING STRATEGIC OBJETIVES (Registro nro. 237379)
[ vista simple ]
| 000 -LEADER | |
|---|---|
| campo de control de longitud fija | 00597nam a2200217Ia 4500 |
| 005 - FECHA Y HORA DE LA ÚLTIMA TRANSACCIÓN | |
| campo de control | 20250425162831.0 |
| 008 - DATOS DE LONGITUD FIJA--INFORMACIÓN GENERAL | |
| campo de control de longitud fija | 250425s9999 xx 000 0 und d |
| 020 ## - NÚMERO INTERNACIONAL ESTÁNDAR DEL LIBRO | |
| Número Internacional Estándar del Libro | 0077076567 |
| 041 ## - CÓDIGO DE IDIOMA | |
| Código de lengua del texto/banda sonora o título independiente | eng |
| 044 ## - CÓDIGO DEL PAÍS DE LA ENTIDAD EDITORA/PRODUCTORA | |
| Código MARC del país | -us |
| 010 ## - NÚMERO DE CONTROL DE LA BIBLIOTECA DEL CONGRESO | |
| Número de control de LC | 111092 |
| 100 ## - ENTRADA PRINCIPAL--NOMBRE DE PERSONA | |
| Nombre de persona | TURNER, J. RODNEY |
| 245 #0 - MENCIÓN DEL TÍTULO | |
| Título | THE HANDBOOK OF PROJECT-BASED MANAGEMENT: IMPROVING THE PROCESSES FOR ACHIEVING STRATEGIC OBJETIVES |
| 250 ## - MENCION DE EDICION | |
| Mención de edición | S.E. |
| 264 ## - PRODUCCIÓN, PUBLICACIÓN, DISTRIBUCIÓN, FABRICACIÓN Y COPYRIGHT | |
| Producción, publicación, distribución, fabricación y copyright | Estados Unidos, NEW YORK |
| Nombre del de productor, editor, distribuidor, fabricante | MCGRAW-HILL INTERNATIONAL |
| Fecha de producción, publicación, distribución, fabricación o copyright | 1993. |
| 300 ## - DESCRIPCIÓN FÍSICA | |
| Extensión | 540 |
| 650 ## - PUNTO DE ACCESO ADICIONAL DE MATERIA--TÉRMINO DE MATERIA | |
| Término de materia o nombre geográfico como elemento de entrada | ADMINISTRACION |
| 650 ## - PUNTO DE ACCESO ADICIONAL DE MATERIA--TÉRMINO DE MATERIA | |
| Término de materia o nombre geográfico como elemento de entrada | INDUSTRIAS |
| 650 ## - PUNTO DE ACCESO ADICIONAL DE MATERIA--TÉRMINO DE MATERIA | |
| Término de materia o nombre geográfico como elemento de entrada | PROYECTO |
| 942 ## - ELEMENTOS DE ENTRADA SECUNDARIOS (KOHA) | |
| Tipo de ítem Koha | Libros |
| Estatus retirado | Estado de pérdida | Estado de daño | No para préstamo | Biblioteca de origen | Biblioteca actual | Fecha de adquisición | Coste, precio normal de compra | Total de préstamos | Código de barras | Copia número | Nota pública |
|---|---|---|---|---|---|---|---|---|---|---|---|
| ESCUELA DE NEGOCIOS | ESCUELA DE NEGOCIOS | 05/04/2019 | 38.00 | CP-17572 | 1 | COMPRA |